000 00866nam a22002177a 4500
005 20100730140749.0
010 _aENG-97170
020 _a9788175348530
_c495.00
035 _aEN-80703
037 _bDBAD/PUB
082 _a346.73029
100 _aParameswaran, S.
_92658
245 _aLaw relating to power of attorney:
_bwith 125 specimen forms of power of attorney /
_cby S. Parameswaran
250 _a4th. ed.
260 _aNew Delhi
_bUniversal Law Publishing
_c2010
270 _aC-FF-!A, Dikhush Industrial Estate, (Near Azadpur Metro Station) G. T. Karnal Road
_bDelhi
_e110033
300 _alix, 428p.
_c25cm (Hb)
_eCD-ROM
500 _aIncludes index
942 _2ddc
_cEN
_h346.73029
_mPAR
999 _c38256
_d38256